Responses for Show #7516 - Monday, April 24, 2017

Alan Lin game 1.

Contestants

[<< previous game]

Alan Lin, a software engineer from Santa Barbara, California

Emma Florio, a library assistant from Hoffman Estates, Illinois

David Rigsby, a Social Security Administration attorney from Alexandria, Virginia (whose 1-day cash winnings total $8,200)

[next game >>]

Jeopardy! Round responses

SITCOM CITIES
(Alex: We'll give you the sitcom, you identify the city in which it takes place.)
FASHION
THE 16th CENTURY
CUT IT OUT
SQUID
IT'S A TRAP!
    $200 1
Washington, D.C.

Emma
    $200 9
lace

David
    $200 19
Martin Luther

Emma
    $200 16
(Alex: From gravity.)

gravy

David
    $200 6
ten

Alan
    $200 17
a speed trap

Alan
    $400 2
New York

David
    $400 12
a kimono

Alan
    $400 20
Bacchus

Emma
    $400 24
aka (from the Akita)

Emma
    $400 7
its beak

Alan
    $400 18
bears

Emma
    $600 3
Los Angeles

David
    $600 13
Diane von Fürstenberg

Emma
    $600 21
(Alan: Who is Mary, Queen of Scots?)

Mary I (or Mary Tudor)

EmmaAlan
    $600 25
guar (in guitar)

Emma
    $600 8
ink

Emma
    $2,000 30
a mousetrap

Emma
    $800 4
Atlanta

David
    $800 14
a Henley

Alan
    $800 22
Swedish

Alan
    $800 26
sue (in suite)

Alan
    $800 10
market

Alan
    $800 28
ammonia

Triple Stumper
    $1000 5
(Alan: [Without being called on] What is [*]?)
(Alex: Alan?)
(Alan: Sorry, what is [*]?)

Pawnee (Indiana)

Alan
    $1000 15
a toggle

Alan
    $1000 23
the Capuchins

Alan
    $1000 27
visor (in visitor)

Alan
    $1000 11
cartilage

Alan
    $1000 29
a grease trap

Emma

Scores at the first commercial break (after clue 15):

David Emma Alan
$2,000 $1,400 $5,600

Scores at the end of the Jeopardy! Round:

David Emma Alan
$2,200 $7,000 $8,800

Double Jeopardy! Round responses

BRASIL, BRASIL!
MUSICIANS WHO DIED AT 27
INVENTIONS
STATES & LICENSE PLATES
WRITERS
"O"POURRI
    $400 23
coffee

Triple Stumper
    $400 11
Kurt Cobain

Emma
    $400 18
an electric toothbrush

Alan
    $400 2
Alabama

Alan
    $400 1
Shelley

Emma
    $400 13
origami

Alan
    $800 19
Catholicism

Alan
    $800 12
Amy Winehouse

Alan
    $800 26
a typewriter

David
    $800 7
potatoes

David
    $5,000 3
the Brat Pack

Alan
    $800 14
an obelisk

Emma
    $3,000 20
Piranhas (River)

Alan
    $1200 27
(Janis) Joplin

Alan
    $1200 24
cataracts

Alan
    $1200 8
["in an all or nothing move" was rendered in all-lowercase in the clue as displayed.]

New Hampshire

Emma
    $1200 4
Pearl S. Buck

Alan
    $1200 15
an orange roughy

Alan
    $1600 21
jujitsu

Alan
    $1600 29
Brian Jones

Triple Stumper
    $1600 25
a paper clip

Triple Stumper
    $1600 9
Abraham Lincoln

Emma
    $1600 5
(Emma: Who is Dr. Seuss?)

David Foster Wallace

Emma
Triple Stumper
    $1600 16
oblique

Alan
    $2000 22
(Alan: Defeated Germany?)
(Emma: What is defeated Germany?)

declared war on Germany and Italy

EmmaAlan
Triple Stumper
    $2000 30
Big Star

Triple Stumper
    $2000 28
Gail Borden

Triple Stumper
    $2000 10
the Ocean State

Emma
    $2000 6
Breathing Lessons

Emma
    $2000 17
omertà

Alan

Scores at the end of the Double Jeopardy! Round:

David Emma Alan
$3,800 $11,800 $27,600
(lock game)

[wagering suggestions for these scores]

Final Jeopardy! Round responses

U.S. PRESIDENTS
(Alex: [To David] [*] was the last American president who did not graduate from college.)
...
(Alex: [To Alan] He graduated from West Point.)
DavidWho is Truman?
$3,000
EmmaWho is Hou
$4,000
AlanWho is Eisenhower?
$3,600
Harry Truman

Final scores:

David Emma Alan
$6,800 $7,800 $24,000
3rd place: $1,000 2nd place: $2,000 New champion: $24,000

Game dynamics:

Coryat scores:

David Emma Alan
$3,800 $10,400 $21,600
7 R,
0 W
18 R
(including 1 DD),
2 W
27 R
(including 2 DDs),
2 W

Combined Coryat: $35,800

[game clues] [game scores] [suggest correction]

Game tape date: Unknown
The J! Archive is created by fans, for fans. Scraping, republication, monetization, and malicious use prohibited; this site may use cookies and collect identifying information. See terms. The Jeopardy! game show and all elements thereof, including but not limited to copyright and trademark thereto, are the property of Jeopardy Productions, Inc. and are protected under law. This website is not affiliated with, sponsored by, or operated by Jeopardy Productions, Inc. Join the discussion at JBoard.tv.